Desperately seeking reductions in health inequalities:Perspectives of UK researchers on past, present and future directions in health inequalities research

Following government commitments to reducing health inequalities from 1997 onwards, the UK has been recognised as a global leader in health inequalities research and policy. Yet health inequalities have continued to widen by most measures, prompting calls for new research agendas and advocacy to fac...

Ausführliche Beschreibung

Gespeichert in:  
Bibliographische Detailangaben
VerfasserInnen: Bambra, C. (Verfasst von) ; Smith, Katherine (Verfasst von) ; Pearce, Jamie (Verfasst von) ; Garthwaite, K. (Verfasst von)
Medienart: Elektronisch Aufsatz
Sprache:Englisch
Veröffentlicht: 2015
In: Sociology of health & illness
Jahr: 2015
Online-Zugang: Volltext (kostenfrei)
Volltext (kostenfrei)
Verfügbarkeit prüfen: HBZ Gateway

MARC

LEADER 00000caa a22000002c 4500
001 1866315692
003 DE-627
005 20250116054855.0
007 cr uuu---uuuuu
008 231019s2015 xx |||||o 00| ||eng c
024 7 |a 10.1111/1467-9566.12374  |2 doi 
035 |a (DE-627)1866315692 
035 |a (DE-599)KXP1866315692 
040 |a DE-627  |b ger  |c DE-627  |e rda 
041 |a eng 
084 |a 2,1  |2 ssgn 
100 1 |a Bambra, C.  |e VerfasserIn  |4 aut 
245 1 0 |a Desperately seeking reductions in health inequalities:Perspectives of UK researchers on past, present and future directions in health inequalities research 
264 1 |c 2015 
336 |a Text  |b txt  |2 rdacontent 
337 |a Computermedien  |b c  |2 rdamedia 
338 |a Online-Ressource  |b cr  |2 rdacarrier 
520 |a Following government commitments to reducing health inequalities from 1997 onwards, the UK has been recognised as a global leader in health inequalities research and policy. Yet health inequalities have continued to widen by most measures, prompting calls for new research agendas and advocacy to facilitate greater public support for the upstream policies that evidence suggests are required. However, there is currently no agreement as to what new research might involve or precisely what public health egalitarians ought to be advocating. This article presents an analysis of discussions among 52 researchers to consider the feasibility that research-informed advocacy around particular solutions to health inequalities may emerge in the UK. The data indicate there is a consensus that more should be been done to learn from post-1997 efforts to reduce health inequalities, and an obvious desire to provide clearer policy guidance in future. However, discussions as to where researchers should now focus their efforts and with whom researchers ought to be engaging reveal three distinct ways of approaching health inequalities, each of which has its own epistemological foundations. Such differences imply that a consensus on reducing health inequalities is unlikely to materialise. Instead, progress seems most likely if all three approaches are simultaneously enabled 
700 1 |a Smith, Katherine  |e VerfasserIn  |4 aut 
700 1 |a Pearce, Jamie  |e VerfasserIn  |4 aut 
700 1 |a Garthwaite, K.  |e VerfasserIn  |4 aut 
773 0 8 |i Enthalten in  |t Sociology of health & illness  |d Oxford [u.a.] : Wiley-Blackwell, 1979  |g (2015)  |h Online-Ressource  |w (DE-627)315965622  |w (DE-600)2011845-4  |w (DE-576)281192820  |x 1467-9566  |7 nnas 
773 1 8 |g year:2015 
856 |u https://onlinelibrary.wiley.com/doi/pdfdirect/10.1111/1467-9566.12374  |x unpaywall  |z Vermutlich kostenfreier Zugang  |h publisher [deprecated] 
856 4 0 |u https://core.ac.uk/download/322477960.pdf  |x Verlag  |z kostenfrei  |3 Volltext  |7 0 
856 4 0 |u https://doi.org/10.1111/1467-9566.12374  |x Resolving-System  |z kostenfrei  |3 Volltext  |7 0 
935 |a mkri 
951 |a AR 
ELC |a 1 
LOK |0 000 xxxxxcx a22 zn 4500 
LOK |0 001 4392959961 
LOK |0 003 DE-627 
LOK |0 004 1866315692 
LOK |0 005 20231019043642 
LOK |0 008 231019||||||||||||||||ger||||||| 
LOK |0 035   |a (DE-2619)CORE9021351 
LOK |0 040   |a DE-2619  |c DE-627  |d DE-2619 
LOK |0 092   |o n 
LOK |0 852   |a DE-2619 
LOK |0 852 1  |9 00 
LOK |0 935   |a core 
LOK |0 939   |a 19-10-23  |b l01 
OAS |a 1 
ORI |a SA-MARC-krimdoka001.raw